000 00631nam a2200253 a 4500
001 nice12345678
003 IN_TiNIC
005 20260116011456.0
008 050524s1944 laha grp 000 0 eng
020 _a
_c100
082 0 0 _a323.39710954
_bAHM3
100 _aAhmad, Jamilud-Duin
245 _aThrough Pakistan to Freedom
260 _aLahore
_bSh. Muhammad Ashraf
_c1944
300 _a113p
500 _aincludes index and biblioraphy
505 2 _aIndex
650 _aMuslims-India-Politics
650 _aPakistan-Movement
700 1 _aAhmad, Jamilud-Duin
902 _bSRS
942 _cBK
999 _c1875
_d1875